[Event "Lloyds Bank op 18th"]
[Site "London"]
[Date "1994.??.??"]
[Round "3"]
[White "Parker, Robert"]
[Black "Levitt, Jonathan"]
[Result "0-1"]
[WhiteElo "2075"]
[BlackElo "2425"]
[PlyCount "64"]
[EventDate "1994.08.??"]
[EventType "swiss"]
[EventRounds "10"]
[EventCountry "ENG"]
[SourceTitle "EXT 2000"]
[Source "ChessBase"]
[SourceDate "1999.11.16"]
[SourceVersion "1"]
[SourceVersionDate "1999.11.16"]
[SourceQuality "1"]

1. d4 c5 2. d5 f5 3. g3 Nf6 4. Nc3 e5 5. e4 fxe4 6. Bg5 d6 7. Bxf6 Qxf6 8. Nxe4 Qg6 9. Bg2 Be7 10. Ne2 0-0 11. 0-0 Bf5 12. N2c3 Nd7 13. Qe2 a6 14. a4 b6 15. Rae1 Kh8 16. f3 h6 17. Kh1 Qe8 18. Nd1 Nf6 19. Ne3 Bxe4 20. fxe4 Qxa4 21. Nf5 Qe8 22. Bh3 Kh7 23. Nh4 g6 24. Be6 b5 25. Rf2 a5 26. Ref1 a4 27. Qe3 b4 28. c3 bxc3 29. bxc3 a3 30. Qe2 Kg7 31. Qc2 Qa4 32. Qe2 a2 0-1